000
00290nam a22001337a 4500
008
170923b xxu||||| |||| 00| 0 eng d
020
_a
9780791445969
041
_a
eng
080
_a
37
100
_a
46
101
_a
EDU
245
_a
TEACHING TRANSCEND
_c
SATTLER, CH.L
942
_2
udc
_c
BK
999
_c
29366
_d
29366